Marvel Characters in Other Words Quiz Stats

 Plays Quiz Updated Jul 31, 2018

Challenge
Share
Tweet
Embed
Score 0/30 Timer 05:00
30 Plays Today
% Correct
Storm
90.3%
Venom
88.7%
Black Widow
87.6%
Nova
84.6%
Swarm
84.6%
Vision
84%
Cable
84%
Jubilee
81.3%
Iron Fist
80.6%
Beast
77.7%
Daredevil
77.3%
Black Panther
74.2%
Cyclops
74%
Thing
68.7%
Hulk
68.1%
% Correct
Colossus
68.1%
Nightcrawler
65.9%
Gambit
61.8%
Iron Man
56.3%
Hawkeye
55.2%
White Queen
52%
Wolverine
50%
Iceman
48.4%
Mystique
46.2%
Loki
45.7%
Wasp
44.4%
Juggernaut
44.1%
Deadpool
43.1%
Rogue
43%
Elektra
39.7%

You're not logged in!

Compare scores with friends on all Sporcle quizzes.
OR
Log In

You Might Also Like...

Show Comments

Extras

Top Quizzes Today


Score Distribution

Your Account Isn't Verified!

In order to create a playlist on Sporcle, you need to verify the email address you used during registration. Go to your Sporcle Settings to finish the process.

Report this User

Report this user for behavior that violates our Community Guidelines.

Details: